Rostros de ficción : seis relatos mutantes /
Saved in:
| Andre forfattere: | , |
|---|---|
| Format: | Electronisk eBog |
| Sprog: | spansk |
| Udgivet: |
Melilla : Madrid :
Servicio de Publicaciones la Consejería de Cultura de la Ciudad Autónoma de Melilla : Servicio de Publicaciones de la UNED, Melilla ; Ocho y Medio, Libros de Cine,
2007.
|
| Udgivelse: | 1. ed. |
| Fag: | |
| Online adgang: | Digitalia Hispánica |
| Tags: |
Tilføj Tag
Ingen Tags, Vær først til at tagge denne postø!
|
MARC
| LEADER | 00000nam a2200000Ii 4500 | ||
|---|---|---|---|
| 001 | DIG0000130 | ||
| 003 | NyNyDIG | ||
| 006 | m o d | ||
| 007 | cr ||||||||||| | ||
| 008 | 080303s2007 sp a o 000 0 spa d | ||
| 020 | |z 8496582329 | ||
| 020 | |z 9788496582323 | ||
| 035 | |a (OCoLC)875214387 | ||
| 040 | |a DGITA |b eng |e pn |c DGITA | ||
| 050 | 1 | 4 | |a PQ6257 eBook |
| 245 | 0 | 0 | |a Rostros de ficción : |b seis relatos mutantes / |c Rodrigo Fresán ... [et al.] ; ilustraciones, Joaquin López Cruces. |
| 250 | |a 1. ed. | ||
| 264 | 1 | |a Melilla : |b Servicio de Publicaciones la Consejería de Cultura de la Ciudad Autónoma de Melilla : Servicio de Publicaciones de la UNED, Melilla ; |a Madrid : |b Ocho y Medio, Libros de Cine, |c 2007. | |
| 300 | |a 1 online resource (111pages) : |b ill. | ||
| 336 | |a text |b txt |2 rdacontent | ||
| 337 | |a computer |b c |2 rdamedia | ||
| 338 | |a online resource |b cr |2 rdacarrier | ||
| 505 | 0 | |a Desátame! / Rodrigo Fresan -- El higado : funciones, disfunciones y defunciones / Pablo Aranda -- El camino de Luli / Miguel Angel Oeste -- Móvil / José Antonio Garriga Vela -- Estrella en el sur / Angel Castro Maestro -- El discípulo del padre Merrindacotxea / Fernando Iwasaki. | |
| 650 | 0 | |a Short stories, Spanish. | |
| 650 | 0 | |a Spanish fiction |y 21st century | |
| 655 | 0 | |a Electronic books. | |
| 700 | 1 | |a Fresán, Rodrigo, |d 1963- | |
| 700 | 1 | |a López Cruces, Joaquín, |e il. | |
| 791 | 2 | |a Digitalia (Firm), |e distributor. | |
| 793 | 0 | |g Digitalia eBook Collection: |a Ocho y Medio. | |
| 856 | 4 | 0 | |3 Digitalia Hispánica |u https://digitalia.unach.elogim.com/a/415/ |
| 910 | |a Premium Collection: 2007-2012 | ||